Perepiska A. X. Voktokova

Bibliographic Details
Main Author: Sreznevskij, Izmail Ivanovič, 1812-1880 (Author)
Format: Book
Language:Russian
PhysicalDescription:504 s.
Published: Sanktpeterburg Tipografia Imperatiorskoj Akademij nauk 1873

MARC

LEADER 00000nam a2200000 a 4500
001 vtls001446651
003 SK-MaSNL
005 20260301163006.0
008 240315s1873 ru 0 rus
035 |a SNK000401904 
040 |a SNK  |b slo  |c SNK  |e AACR2 
041 0 |a rus 
044 |a ru  |c RU 
100 1 |a Sreznevskij, Izmail Ivanovič,  |d 1812-1880  |4 aut  |9 264543 
245 1 0 |a Perepiska A. X. Voktokova  |c I.I. Sreznevskij 
260 |a Sanktpeterburg  |b Tipografia Imperatiorskoj Akademij nauk  |c 1873 
300 |a 504 s. 
999 |c 815273  |d 817203 
952 |t P60, <04>, [BOOK], {604}  |a SNK  |b SNK  |y VYP  |7 0  |p 17A0368297  |o snkIC 13243  |0 0  |1 0  |4 0  |d 2002-12-16  |l 0  |r 2005-01-02 00:00:00  |w 2026-02-24